From 'Z' to 'A' Quiz Stats

Quiz Updated Feb 25, 2018

Also try: Ends in 'GUE'
Challenge
Share
Tweet
Embed
Score 0/16 Timer 04:00
3 Plays Today
Clue Answer % Correct
A white horse with black stripes...or vice versazebra
95%
Z, in Greekzeta
89.7%
Musical family with Frank, Moon Unit, Dweezil, Ahmet and DivaZappa
80%
Wife of F. Scott Fitzgerald or a Nintendo princessZelda
79.5%
Disney movie full of animals (US title)Zootopia
78.5%
Diamond look-alike cubic ____zirconia
73.9%
Country in which one may find one of the two previous animalsZambia
73.2%
Sister of Eva and Magda Gabor who died in 2016Zsa Zsa
71.1%
Clue Answer % Correct
French writer ÉmileZola
56.2%
Notable Greek character of film and stageZorba
50.5%
Viva ____! (1952 Brando film)Zapata
42%
Author ___ Neale HurstonZora
37.4%
'Avatar' star (first and last name)Zoe Saldana
36%
Former president of South Africa Jacob ____Zuma
27.7%
U2 albumZooropa
20.5%
Another name for the striped polecatzorilla
5.5%

You're not logged in!

Compare scores with friends on all Sporcle quizzes.
Join for Free
OR
Log In

You Might Also Like...

Show Comments

Extras

Top Quizzes Today


Score Distribution

Your Account Isn't Verified!

In order to create a playlist on Sporcle, you need to verify the email address you used during registration. Go to your Sporcle Settings to finish the process.

Report this User

Report this user for behavior that violates our Community Guidelines.

Details: